000 00585nam a2200157 a 4500
008 160609s2014 ||||||||||||||||| || u
020 _a9780615978628
050 _aHF 5415.15 Eya
100 _aEyal, Nir
245 1 0 _aHooked: how to build habit-forming products
_cBy Nir Eyal
260 _aMilton Keynes
_bLightning Source uk Ltd
_c2014
300 _a184p,: ill.
350 _a38.00
650 _aPRODUCT MANAGEMENT
995 _FCBU-MAIN LIBRARY (Kitwe)
_I38.00
_M1
_UAVAILABLE
_WJul 21, 2016
_ZMain Library Open Access Collection
999 _c45665
_d45665